|
|
|
|
| LEADER |
00000nam0a2200000 4500 |
| 001 |
329265 |
| 005 |
20231102004138.0 |
| 035 |
|
|
|a (RuTPU)RU\TPU\book\355007
|
| 090 |
|
|
|a 329265
|
| 100 |
|
|
|a 20170311d1977 km y0rusy50 ca
|
| 101 |
0 |
|
|a rus
|
| 102 |
|
|
|a RU
|
| 105 |
|
|
|a a z 001zy
|
| 200 |
1 |
|
|a Средства измерения крутящего момента
|f С. С. Одинец, Г. Е. Топилин
|
| 210 |
|
|
|a Москва
|c Машиностроение
|d 1977
|
| 215 |
|
|
|a 160 с.
|c ил.
|
| 225 |
1 |
|
|a Библиотека приборостроителя
|
| 320 |
|
|
|a Библиогр.: с. 155-159
|
| 606 |
1 |
|
|a Валы
|x Крутящий момент
|x Определение
|2 stltpush
|3 (RuTPU)RU\TPU\subj\1995
|9 30637
|
| 610 |
1 |
|
|a средства измерений
|
| 610 |
1 |
|
|a валы
|
| 610 |
1 |
|
|a крутящий момент
|
| 610 |
1 |
|
|a гидравлические тормоза
|
| 610 |
1 |
|
|a электрические тормоза
|
| 610 |
1 |
|
|a механические устройства
|
| 610 |
1 |
|
|a оптические устройства
|
| 610 |
1 |
|
|a контактные устройства
|
| 610 |
1 |
|
|a бесконтактные устройства
|
| 610 |
1 |
|
|a электрические приборы
|
| 610 |
1 |
|
|a усилительная аппаратура
|
| 610 |
1 |
|
|a оборудование
|
| 675 |
|
|
|a 621.824
|v 4
|
| 700 |
|
1 |
|a Одинец
|b С. С.
|g Степан Самойлович
|
| 701 |
|
1 |
|a Топилин
|b Г. Е.
|g Геннадий Евгеньевич
|
| 801 |
|
1 |
|a RU
|b 63413507
|c 20170311
|
| 801 |
|
2 |
|a RU
|b 63413507
|c 20170317
|g RCR
|
| 942 |
|
|
|c BK
|